Fairy Tail - Utilisateurs du Feu - Statistiques

Statistiques générales
  • Ce quiz a été pris 177 fois
    169 depuis la dernière actualisation
  • Le résultat moyen est 10 sur 24
Statistiques - réponses
Personnages Indice % Correct
Natsu Dragnir La Salamandre
97%
Ignir Père du Héros
91%
Erza Scarlett Possède l'Armure de l'Impératrice du Feu
80%
Zeleph Dragnir Mage Noir
79%
Kanna Alperona Manipulatrice de Cartes
70%
Reby McGarden Utilise la Magie des Mots
66%
August Fils de l'Empereur Spriggan
63%
Loki Esprit de Lucy
58%
Atlas Flame Oncle du Héros
56%
Jellal Fernandez A Offert son Feu au Héros
55%
Macao Combolto Maître de Fairy Tail
50%
Flare Corona Originaire d'un Village de Géants
46%
Zancrow Chasseur de Dieu
37%
Totomaru Adepte du Feu de la Guilde Phantom Lord
34%
Rob Vieil Esclave de la Tour du Paradis
30%
Bora de Prominens Usurpateur de la Salamandre
27%
Ikaruga Membre de l'Unité Trinity Raven
16%
Owl Membre de l'Unité Trinity Raven
15%
Kemokemo Créature qui Grandit Vite
13%
Roméo Combolto Fils du Maître précédemment cité
12%
Rufus Roy Se Réapproprie la Magie d'Autrui
8%
Ginger Mattan Membre de Twilight Ogre
3%
Sardean Exécuteur de la Troupe des Loups Affamés
2%
Grimoire Heart (Sbire) Sous-fifres d'une Guilde Clandestine
1%
Aucun quiz correspondant
Distribution des résultats
% des personnes avec chaque résultat
Percentile par nombre de réponses
Votre historique - résultats
Vous n’avez pas pris ce quiz depuis la dernière actualisation